000 01072nam a2200289 i 4500
001 66799
003 ES-MaACL
005 20230906165836.0
007 t|
008 011018s2001 sp ||||0| spa d
020 _a84-7753-854-9
040 _aM-BN
_bspa
_cM-BN
080 _a172.4(063)
110 2 _aSeminario de Investigación para la Paz (Zaragoza)
_96557
245 1 3 _aLa paz es una cultura /
_cSeminario de Investigación para la Paz ; Centro Pignatelli (ed.) ; Luis López Yarto...[et al.].
260 _a[Zaragoza] :
_bDepartamento de Cultura y Turismo,
_c[2001]
300 _a604 p. :
_bil. ;
_c24 cm.
490 1 _aColeccion "Actas" ;
_v54
650 1 4 _aPaz-
_vCongresos y asambleas.
_915900
700 1 _aLópez-Yarto Elizalde, Luis.
_974042
710 2 _aCentro Pignatelli.
_92777
710 1 _aAragón.
_bDepartamento de Cultura y Turismo.
_91408
830 0 _aColeccion "Actas" ;
_v54
_9180391
830 0 _aActas (Aragón. Departamento de Cultura y Turismo) ;
_v54.
_9118643
852 _aES-MaACL
_jL-27278
_bR.132927
999 _c66799
_d66799